000 00644nam a22002297a 4500
003 UA-OsUOA
001 53178
007 ta
008 20150922b un ||||| |||| 00| 0 ukr d
090 _a82-1
_bУ45
942 _cBK
040 _aUA-OsUOA
_bukr
_cUA-OsUOA
_dUA-OsUOA
245 _aУкраїнська байка
300 _a463 с.
955 _a3
041 _aukr
080 _a82-1
260 _aК.
_bДніпро
_c1983
650 7 _a82 Література. Літературознавство
_2UDC
999 _c433151
_d433151